Statistiques concernant Personnage historique par Mot de Passe inventé

Cliquez ici pour prendre le quiz!

Statistiques générales

  • Ce quiz a été pris 807 fois
  • Le résultat moyen est 7 sur 20

Statistiques - réponses

Mot de passeRéponse% Correct
PucelleXVJeanne d'Arc
88%
aleajactaest100Jules César
88%
emc2Albert Einstein
83%
TheQueen70Élisabeth II
67%
PianoWAMWolfgang Amadeus Mozart
57%
macedonking336Alexandre le Grand
48%
rexsolis4everLouis XIV
48%
Notre-Dame1802Victor Hugo
47%
Imperator2512800Charlemagne
45%
Davide1504Michel-Ange
25%
Antonius<3Cléopâtre
24%
EPGracelandElvis Presley
19%
Whitechapel88Jack l'Éventreur
18%
noslaveabe60Abraham Lincoln
17%
LDV140452Léonard de Vinci
16%
ANCRolihlahlaNelson Mandela
12%
KongziofqufuConfucius
10%
PoRa1911Marie Curie
6%
TennōofoceanHirohito
4%
21111694FMAVoltaire
3%

Distribution des résultats

Percentile par nombre de réponses

% des personnes avec chaque résultat

Votre développement - résultats

Vous n’avez pas pris ce quiz